000 00649nam a2200241Ia 4500
005 20250425162648.0
008 250425s9999 xx 000 0 und d
020 _a9789587621709
041 _aspa
043 _ack
082 _a378
100 _aZABALZA, MIGUEL ANGEL
245 0 _aCOMPETENCIAS DOCENTES DEL PROFESOR UNIVERSITARIO: CALIDAD Y DESARROLLO PROFESIONAL
250 _a2A ED.
260 _aBOGOTA
260 _aColombia
_bEDICIONES DE LA U
_c2013
300 _a232
650 _aCALIDAD DE LA DOCENCIA UNIVERSITARIA
650 _aCURRICULO FORMATIVO
650 _aINNOVACION CURRICULAR
942 _c01
010 _a95047
999 _c233849
_d233849